000
00248 a2200109 4500
001
68600
040
_c
Anchieta - Itaigara
240
1
0
_a
Construções do poder I
_l
245
1
0
_a
Construções do poder I
650
4
_a
Geografia e viagens
942
_c
MX
999
_c
68600
_d
68600